Sports Quiz

Random Sports or MLB Quiz

Single-Season Triples Leaders by Decade Quiz Stats

 Plays Quiz not verified by Sporcle

Challenge
Share
Tweet
Embed
Score 0/77 Timer 10:00
0 Plays Today
Decade Player % Correct
1960-69Allen-Brock-Clemente-Clendenon-Long-Pinson
85.9%
1980-89Collins-Griffin-Moseby-Samuel-VanSlyke-Wilson
84.6%
1910-19Chief Wilson
80.8%
1980-89Willie Wilson
80.8%
1950-59Willie Mays
73.1%
1900-09Sam Crawford
71.8%
1900-09Sam Crawford
71.8%
1910-19Sam Crawford
71.8%
2000-09Carl Crawford
71.8%
1900-09Honus Wagner
69.2%
1910-19Shoeless Joe Jackson
66.7%
1930-39Roy Johnson
64.1%
1990-99Lance Johnson
64.1%
1990-99Lance Johnson
64.1%
2000-09Jose Reyes
64.1%
2010-PresentJose Reyes
64.1%
2000-09Curtis Granderson
59%
1890-99Jimmy Williams
57.7%
1970-79George Brett
56.4%
1980-89Juan Samuel
56.4%
2000-09Jimmy Rollins
56.4%
1920-29Paul Waner
55.1%
1890-99Harry Davis
52.6%
1890-99George Davis
52.6%
1970-79Willie Davis
52.6%
1940-49Stan Musial
51.3%
1940-49Stan Musial
51.3%
1970-79Rod Carew
50%
1910-19Tom Long
46.2%
1980-89Willie McGee
39.7%
1970-79Paul Molitor
37.2%
1920-29Earle Combs
35.9%
1930-39Earle Combs
35.9%
1880-89Roger Connor
25.6%
1980-89Ryne Sandberg
25.6%
1880-89Sam Thomas
24.4%
1890-99Sam Thomas
24.4%
1920-29Kiki Cuyler
24.4%
1990-99Chuck Knoblauch
24.4%
Decade Player % Correct
1930-39Bill Terry
20.5%
1970-79Garry Templeton
19.2%
1970-79Garry Templeton
19.2%
1970-79Ralph Garr
19.2%
1930-39Arky Vaughan
17.9%
1930-39Babe Herman
16.7%
1990-99Tony Fernandez
15.4%
2010-PresentShane Victorino
15.4%
2000-09Cristian Guzman
14.1%
1880-89Harry Stovey
12.8%
1960-69Johnny Callison
11.5%
1990-99Deion Sanders
11.5%
1940-49Snuffy Stirnweiss
10.3%
2010-PresentDexter Fowler
10.3%
2010-PresentDexter Fowler
10.3%
1900-09Tommy Leach
9%
1900-09Elmer Flick
9%
1910-19Larry Doyle
9%
1950-59Minnie Minoso
9%
1990-99Delino Deshields
9%
1940-49Dale Mitchell
7.7%
1950-59Jim Gilliam
7.7%
1990-99Ray Lankford
7.7%
1940-49Jeff Heath
6.4%
1890-99Heinie Reitz
5.1%
1920-29Hi Myers
5.1%
1920-29Jake Daubert
5.1%
1930-39Adam Comorosky
5.1%
2010-PresentAngel Pagan
5.1%
1880-89Dave Orr
3.8%
1880-89Dave Orr
3.8%
1900-09Bill Bradley
3.8%
1930-39Joe Vosmik
3.8%
1950-59Bill Bruton
3.8%
1890-99Perry Werden
2.6%
1950-59Jim Rivera
2.6%
1950-59Pete Runnels
2.6%
1960-69Gino Cimoli
2.6%

You're not logged in!

Compare scores with friends on all Sporcle quizzes.
Join for Free
OR
Log In

You Might Also Like...

Show Comments

Extras

Top Quizzes Today


Score Distribution

Your Account Isn't Verified!

In order to create a playlist on Sporcle, you need to verify the email address you used during registration. Go to your Sporcle Settings to finish the process.

Report this User

Report this user for behavior that violates our Community Guidelines.

Details: